प्रयोगात्मक कौशल विज्ञानःदसवीं कक्षा के लिए / (Record no. 15171)
[ view plain ]
| 000 -LEADER | |
|---|---|
| fixed length control field | 01605nam a22002777a 4500 |
| 005 - DATE AND TIME OF LATEST TRANSACTION | |
| control field | 20080828110614.0 |
| 008 - FIXED-LENGTH DATA ELEMENTS--GENERAL INFORMATION | |
| fixed length control field | 080828t xxu||||| |||| 00| 0 hin d |
| 010 ## - LIBRARY OF CONGRESS CONTROL NUMBER | |
| LC control number | HIN-84106 |
| 020 ## - INTERNATIONAL STANDARD BOOK NUMBER | |
| International Standard Book Number | 817063413x |
| Terms of availability | 70.00 |
| 035 ## - SYSTEM CONTROL NUMBER | |
| System control number | HN-56452 |
| 037 ## - SOURCE OF ACQUISITION | |
| Stock number | DBAD / PUB |
| 040 ## - CATALOGING SOURCE | |
| Original cataloging agency | DPL |
| Language of cataloging | HN |
| 082 ## - DEWEY DECIMAL CLASSIFICATION NUMBER | |
| Classification number | 507.8 |
| 100 ## - MAIN ENTRY--PERSONAL NAME | |
| Personal name | जैकब, ए. |
| 245 ## - TITLE STATEMENT | |
| Title | प्रयोगात्मक कौशल विज्ञानःदसवीं कक्षा के लिए / |
| Statement of responsibility, etc | ए. जैकब एवं मुकेश जैन |
| 246 ## - VARYING FORM OF TITLE | |
| Title proper/short title | Prayogaatmaka kaushala vigyan : dasavin kaksha ke liye |
| Remainder of title | by A. Jakob and Mukesh Jain |
| 260 ## - PUBLICATION, DISTRIBUTION, ETC. (IMPRINT) | |
| Place of publication, distribution, etc | नई दिल्ली |
| Name of publisher, distributor, etc | आर्य बुक डिपो |
| Date of publication, distribution, etc | 2006 |
| 270 ## - ADDRESS | |
| Address | 30 नाईवाला, करोल बाग |
| City | नई दिल्ली |
| Country | दिल्ली |
| Postal code | 110005 |
| Telephone number | 011 25721221, 25720363 |
| Fax number | 011 25746324 |
| 300 ## - PHYSICAL DESCRIPTION | |
| Extent | 132पृ |
| Dimensions | 25सेमी (अजिल्द) |
| 500 ## - GENERAL NOTE | |
| General note | (केंद्रीय माध्यमिक शिक्षा बोर्ड, नई दिल्ली द्वारा निर्धारित नवीनतम पाठयक्रमानुसार) |
| 650 ## - SUBJECT ADDED ENTRY--TOPICAL TERM | |
| Topical term or geographic name as entry element | विज्ञान |
| General subdivision | अध्ययन एवं अध्यापन |
| 650 ## - SUBJECT ADDED ENTRY--TOPICAL TERM | |
| Topical term or geographic name as entry element | Science |
| General subdivision | Study and teaching |
| 700 ## - ADDED ENTRY--PERSONAL NAME | |
| Personal name | जैन, मुकेश |
| 942 ## - ADDED ENTRY ELEMENTS (KOHA) | |
| Source of classification or shelving scheme | Dewey Decimal Classification |
| Koha item type | Hindi Books |
| Call number suffix | जैकब |
| Classification part | 507.8 |
| Withdrawn status | Lost status | Damaged status | Not for loan | Collection code | Home library | Current library | Date acquired | Source of acquisition | Cost, normal purchase price | Total Checkouts | Full call number | Barcode | Date last seen | Copy number | Cost, replacement price | Price effective from | Koha item type |
|---|---|---|---|---|---|---|---|---|---|---|---|---|---|---|---|---|---|
| Not For Loan | Non-fiction | D.B.Act.Division | D.B.Act.Division | 28/08/2008 | DBAD / PUB | 70.00 | 507.8 à¤à¥à¤à¤¬ | HN-56452 | 15/09/2008 | 1 | 70.00 | 15/09/2008 | Hindi Books |
